[Event "Rewal op-B 12th"]
[Site "Rewal"]
[Date "2007.08.28"]
[Round "7"]
[White "Witek, Pawel"]
[Black "Tomaszewska, Luiza"]
[Result "1-0"]
[WhiteElo "1996"]
[BlackElo "1819"]
[PlyCount "62"]
[EventDate "2007.08.23"]
[EventType "swiss"]
[EventRounds "9"]
[EventCountry "POL"]
[SourceTitle "CBM 120 Extra"]
[Source "ChessBase"]
[SourceDate "2007.11.01"]
[SourceVersion "1"]
[SourceVersionDate "2007.11.01"]
[SourceQuality "1"]

1. d4 Nf6 2. Nf3 g6 3. c4 d6 4. Nc3 Bg7 5. Bg5 0-0 6. e3 c6 7. Be2 Nbd7 8. Qc2 Qc7 9. 0-0 a6 10. Nd2 e5 11. Rfd1 exd4 12. exd4 Nb6 13. Nce4 Nxe4 14. Nxe4 Bf5 15. Bd3 Bxe4 16. Bxe4 Rfe8 17. Bf4 Qe7 18. Bf3 Bxd4 19. g3 Be5 20. Be3 Nd7 21. Rab1 Bg7 22. Bg2 Ne5 23. h3 Qc7 24. b4 Rad8 25. Qb3 Qe7 26. Re1 Qc7 27. Rbd1 Re6 28. b5 axb5 29. cxb5 Rde8 30. Rc1 c5 31. Bd4 R8e7 1-0

[Event "Warsaw YMCA Spring 34th"]
[Site "Warsaw"]
[Date "2007.06.13"]
[Round "12"]
[White "Witek, Pawel"]
[Black "Szymczak, Rafal"]
[Result "1/2-1/2"]
[WhiteElo "1968"]
[BlackElo "2083"]
[PlyCount "31"]
[EventDate "2007.03.28"]
[EventType "tourn"]
[EventRounds "13"]
[EventCountry "POL"]
[SourceTitle "EXT 2019"]
[Source "ChessBase"]
[SourceDate "2018.10.10"]
[SourceVersion "1"]
[SourceVersionDate "2018.10.10"]
[SourceQuality "1"]

1. d4 Nf6 2. Nf3 g6 3. c4 c5 4. d5 b5 5. cxb5 a6 6. b6 Qxb6 7. Nc3 d6 8. Qc2 Bg7 9. h3 0-0 10. a4 a5 11. e4 Ba6 12. Bb5 Bxb5 13. axb5 Nbd7 14. 0-0 Ne8 15. Bg5 f6 16. Be3 1/2-1/2

[Event "Warsaw YMCA Spring 34th"]
[Site "Warsaw"]
[Date "2007.05.02"]
[Round "6"]
[White "Witek, Pawel"]
[Black "Sielicki, Tomasz"]
[Result "1/2-1/2"]
[WhiteElo "1968"]
[BlackElo "1945"]
[PlyCount "153"]
[EventDate "2007.03.28"]
[EventType "tourn"]
[EventRounds "13"]
[EventCountry "POL"]
[SourceTitle "EXT 2019"]
[Source "ChessBase"]
[SourceDate "2018.10.10"]
[SourceVersion "1"]
[SourceVersionDate "2018.10.10"]
[SourceQuality "1"]

1. d4 g6 2. Nf3 Bg7 3. c4 Nf6 4. Bg5 c5 5. Nc3 cxd4 6. Nxd4 h6 7. Bh4 0-0 8. e4 d6 9. Be2 Qb6 10. Nb3 Be6 11. 0-0 Nc6 12. Kh1 Rac8 13. Nd5 Bxd5 14. exd5 Na5 15. Nxa5 Qxa5 16. b4 Qxb4 17. Rb1 Qa5 18. Rxb7 Rc7 19. Qb3 g5 20. Rxc7 Qxc7 21. Bg3 Ne4 22. Qc2 Nc3 23. Bd3 Qa5 24. f4 Qxa2 25. Qxa2 Nxa2 26. fxg5 hxg5 27. Bf2 Nb4 28. Rd1 Nxd3 29. Rxd3 Rc8 30. Bxa7 Rxc4 31. g3 Rc2 32. Bd4 Bxd4 33. Rxd4 Kg7 34. Rd3 Kf6 35. Rf3+ Kg6 36. Re3 Kf6 37. Rf3+ Kg7 38. Re3 Kf8 39. Rd3 f6 40. Rd4 Kf7 41. h4 gxh4 42. gxh4 Re2 43. Kg1 Kg6 44. Kf1 Re5 45. Kf2 Kh5 46. Kf3 f5 47. Rd1 Re4 48. Rh1 Re5 49. Kf4 Rxd5 50. Re1 e5+ 51. Kxf5 Kxh4 52. Rg1 Rd4 53. Rg6 Kh3 54. Rg8 e4 55. Kf4 d5 56. Ke3 Rd3+ 57. Ke2 d4 58. Rg7 Rg3 59. Re7 d3+ 60. Kd2 Rg2+ 61. Kd1 Re2 62. Rg7 e3 63. Rd7 Rd2+ 64. Ke1 Kg2 65. Rg7+ Kh2 66. Rh7+ Kg1 67. Rd7 Re2+ 68. Kd1 Kf1 69. Rxd3 Re1+ 70. Kc2 Ke2 71. Rd8 Rf1 72. Rh8 Rf2 73. Rh1 Rf1 74. Rh2+ Rf2 75. Rh1 Kf3+ 76. Kd1 Ke4 77. Rh8 1/2-1/2

[Event "POL-ch U14"]
[Site "Turawa"]
[Date "2007.04.30"]
[Round "5"]
[White "Witek, Pawel"]
[Black "Kowalczyk, Rafal"]
[Result "1/2-1/2"]
[WhiteElo "1985"]
[BlackElo "1948"]
[PlyCount "91"]
[EventDate "2007.04.27"]
[EventType "swiss"]
[EventRounds "10"]
[EventCountry "POL"]
[SourceTitle "EXT 2011"]
[Source "ChessBase"]
[SourceDate "2010.11.26"]
[SourceVersion "1"]
[SourceVersionDate "2010.11.26"]
[SourceQuality "1"]

1. d4 Nf6 2. Nf3 g6 3. c4 Bg7 4. Nc3 0-0 5. Bg5 c5 6. d5 d6 7. e3 a6 8. a4 h6 9. Bh4 Bg4 10. Be2 Qb6 11. Ra3 Nbd7 12. Rb3 Qc7 13. Qc2 Bf5 14. e4 Bg4 15. Nd2 Bxe2 16. Nxe2 g5 17. Bg3 Nh5 18. h4 g4 19. 0-0 Be5 20. Bxe5 Nxe5 21. f4 Ng6 22. Ng3 Ngxf4 23. Nxh5 Nxh5 24. Rf5 Ng7 25. Rf4 Qd7 26. Rg3 h5 27. Re3 f6 28. a5 Qc7 29. Ra3 Rae8 30. Nf1 e5 31. Rf2 Kh7 32. Ng3 Kg6 33. Nf5 Nxf5 34. Rxf5 Rb8 35. Qe2 Qg7 36. Rb3 Rfd8 37. Rb6 Rbc8 38. g3 Rc7 39. Qf2 Rf7 40. Qc2 Qh6 41. Qc3 Rc7 42. Kf2 Rdd7 43. Ke2 Kf7 44. Qe3 Qxe3+ 45. Kxe3 Kg6 46. Kd3 1/2-1/2

[Event "POL-ch U14"]
[Site "Turawa"]
[Date "2007.04.27"]
[Round "1"]
[White "Witek, Pawel"]
[Black "Leczycki, Pawel"]
[Result "0-1"]
[WhiteElo "1985"]
[BlackElo "1826"]
[PlyCount "78"]
[EventDate "2007.04.27"]
[EventType "swiss"]
[EventRounds "10"]
[EventCountry "POL"]
[SourceTitle "EXT 2011"]
[Source "ChessBase"]
[SourceDate "2010.11.26"]
[SourceVersion "1"]
[SourceVersionDate "2010.11.26"]
[SourceQuality "1"]

1. d4 Nf6 2. Nf3 g6 3. c4 Bg7 4. Nc3 0-0 5. Bg5 d6 6. e3 Nbd7 7. Be2 c6 8. Qc2 e5 9. dxe5 dxe5 10. 0-0 Qc7 11. Nd2 Re8 12. Rfd1 Nf8 13. c5 Nd5 14. Nde4 Bf5 15. Nxd5 cxd5 16. Rxd5 Bxe4 17. Qxe4 f5 18. Qc4 Qf7 19. Rad1 h6 20. Bd8 f4 21. e4 Kh7 22. Qa4 Ne6 23. Bc4 Qf8 24. Ba5 Nxc5 25. Qb5 b6 26. Bb4 Rac8 27. Bxc5 Rxc5 28. Rxc5 bxc5 29. Rd7 Rb8 30. Qa5 Rxb2 31. Qxa7 Rb1+ 32. Bf1 c4 33. Qc7 Rc1 34. a4 c3 35. a5 c2 36. a6 Rd1 37. Rxg7+ Qxg7 38. Qxc2 Qd7 39. Qb2 Rxf1+ 0-1

[Event "Warsaw YMCA Spring 34th"]
[Site "Warsaw"]
[Date "2007.04.25"]
[Round "5"]
[White "Witek, Pawel"]
[Black "Wrabel, Antoni"]
[Result "1-0"]
[WhiteElo "1968"]
[BlackElo "1899"]
[PlyCount "115"]
[EventDate "2007.03.28"]
[EventType "tourn"]
[EventRounds "13"]
[EventCountry "POL"]
[SourceTitle "EXT 2019"]
[Source "ChessBase"]
[SourceDate "2018.10.10"]
[SourceVersion "1"]
[SourceVersionDate "2018.10.10"]
[SourceQuality "1"]

1. d4 Nf6 2. Nf3 d6 3. c4 Nbd7 4. Nc3 e5 5. e4 Be7 6. Be2 0-0 7. 0-0 exd4 8. Nxd4 Nc5 9. Qc2 a5 10. f4 Re8 11. Rd1 Bg4 12. Bxg4 Nxg4 13. h3 Nf6 14. Nf5 Qc8 15. Ng3 Bf8 16. Be3 b6 17. Bxc5 bxc5 18. Re1 Qb7 19. Rad1 c6 20. e5 dxe5 21. fxe5 Nd7 22. Qf5 Re6 23. Nce4 Be7 24. Rd6 g6 25. Qf4 Bxd6 26. Nxd6 Rxd6 27. exd6 Qxb2 28. Re7 Qf6 29. Qd2 Nf8 30. Qf2 Qxf2+ 31. Kxf2 f5 32. Rc7 Rd8 33. Rxc6 Ne6 34. Ne2 Kf7 35. Nc3 Nd4 36. Rxc5 Rxd6 37. Rxa5 Nc6 38. Rd5 Rxd5 39. Nxd5 Ke6 40. Ke3 Kd6 41. Kd3 Kc5 42. Kc3 Ne5 43. Nf6 Nxc4 44. Nxh7 Ne3 45. g3 Nf1 46. Nf8 Nxg3 47. Nxg6 Nh5 48. h4 f4 49. Kd3 Kd5 50. a4 Ke6 51. a5 Nf6 52. Nxf4+ Kf5 53. a6 Nd7 54. a7 Nb6 55. Nd5 Na8 56. Kc4 Kg4 57. Kc5 Kxh4 58. Kc6 1-0

[Event "Lubuska Wiosna op 3rd"]
[Site "Gorzow Wielkopolski"]
[Date "2007.04.06"]
[Round "1"]
[White "Witek, Pawel"]
[Black "Rutkowski, Maciej"]
[Result "1/2-1/2"]
[WhiteElo "1985"]
[BlackElo "2347"]
[PlyCount "35"]
[EventDate "2007.04.06"]
[EventType "swiss"]
[EventRounds "9"]
[EventCountry "POL"]
[SourceTitle "EXT 2011"]
[Source "ChessBase"]
[SourceDate "2010.11.26"]
[SourceVersion "1"]
[SourceVersionDate "2010.11.26"]
[SourceQuality "1"]

1. d4 Nf6 2. Nf3 c5 3. d5 b5 4. Bg5 Ne4 5. Bh4 Bb7 6. Qd3 f5 7. Nbd2 Qa5 8. c3 Na6 9. Nxe4 fxe4 10. Qxe4 Nc7 11. Qf5 d6 12. e4 g6 13. Qg5 b4 14. c4 0-0-0 15. Qd2 h6 16. Be2 g5 17. Bg3 e5 18. 0-0 1/2-1/2

[Event "Warsaw YMCA Spring 34th"]
[Site "Warsaw"]
[Date "2007.04.04"]
[Round "2"]
[White "Piotrowski, Arkadiusz"]
[Black "Witek, Pawel"]
[Result "1-0"]
[WhiteElo "1929"]
[BlackElo "1968"]
[PlyCount "79"]
[EventDate "2007.03.28"]
[EventType "tourn"]
[EventRounds "13"]
[EventCountry "POL"]
[SourceTitle "EXT 2019"]
[Source "ChessBase"]
[SourceDate "2018.10.10"]
[SourceVersion "1"]
[SourceVersionDate "2018.10.10"]
[SourceQuality "1"]

1. e4 c6 2. d4 d5 3. exd5 cxd5 4. Nf3 Bg4 5. h3 Bh5 6. Be2 Nc6 7. 0-0 Nf6 8. c3 e6 9. Qb3 Qc8 10. Bf4 Be7 11. Nbd2 Ne4 12. Rfe1 f5 13. Rad1 0-0 14. Ne5 Bxe2 15. Rxe2 Nxe5 16. Bxe5 Bg5 17. Nf1 Qc6 18. f3 Nd6 19. Bxd6 Qxd6 20. g3 f4 21. g4 Rfe8 22. Nd2 e5 23. dxe5 Rxe5 24. Ne4 Qb6+ 25. Qxb6 axb6 26. Ng3 Rxe2 27. Nxe2 Rxa2 28. Rb1 b5 29. h4 Bf6 30. Nxf4 d4 31. g5 dxc3 32. gxf6 cxb2 33. Kf2 gxf6 34. Ke3 Kf7 35. Nd3 Kg6 36. Nxb2 Kh5 37. Nd3 Ra5 38. Nf4+ Kxh4 39. Rh1+ Kg5 40. Rh5# 1-0

[Event "Warsaw YMCA Autumn 29th"]
[Site "Warsaw"]
[Date "2006.12.08"]
[Round "10"]
[White "Witek, Pawel"]
[Black "Konczyk, Arkadiusz"]
[Result "1-0"]
[WhiteElo "1881"]
[BlackElo "1816"]
[PlyCount "93"]
[EventDate "2006.09.27"]
[EventType "tourn"]
[EventRounds "13"]
[EventCountry "POL"]
[SourceTitle "EXT 2019"]
[Source "ChessBase"]
[SourceDate "2018.10.10"]
[SourceVersion "1"]
[SourceVersionDate "2018.10.10"]
[SourceQuality "1"]

1. d4 d5 2. c4 c6 3. Nc3 Nf6 4. e3 Bf5 5. Qb3 Qb6 6. c5 Qxb3 7. axb3 Nbd7 8. b4 a6 9. b5 cxb5 10. Bxb5 0-0-0 11. Be2 e5 12. b4 exd4 13. exd4 Nb8 14. b5 axb5 15. Bxb5 Bd7 16. Bd3 Re8+ 17. Kf1 Be7 18. Nf3 Bd8 19. Ne5 Re7 20. Bg5 Rhe8 21. Bxf6 gxf6 22. Nxd7 Kxd7 23. Nxd5 Re6 24. Bf5 Nc6 25. Rd1 Be7 26. Nxe7 Kxe7 27. Bxe6 fxe6 28. d5 Rd8 29. d6+ Kd7 30. Rb1 Rb8 31. g3 Ne5 32. Ke2 Kc6 33. Rb6+ Kxc5 34. Rhb1 Nc6 35. Rxb7 Rd8 36. Rc1+ Kd5 37. Rb5+ Kxd6 38. Rd1+ Ke7 39. Rxd8 Kxd8 40. Rh5 Kd7 41. Rxh7+ Kd6 42. Rb7 Nd4+ 43. Kf1 e5 44. h4 Ke6 45. h5 Kf5 46. Rg7 Ne6 47. h6 1-0

[Event "Warsaw YMCA Autumn 29th"]
[Site "Warsaw"]
[Date "2006.11.17"]
[Round "8"]
[White "Witek, Pawel"]
[Black "Kadzinski, Wieslaw"]
[Result "1-0"]
[WhiteElo "1881"]
[BlackElo "2023"]
[PlyCount "59"]
[EventDate "2006.09.27"]
[EventType "tourn"]
[EventRounds "13"]
[EventCountry "POL"]
[SourceTitle "EXT 2019"]
[Source "ChessBase"]
[SourceDate "2018.10.10"]
[SourceVersion "1"]
[SourceVersionDate "2018.10.10"]
[SourceQuality "1"]

1. d4 Nf6 2. Nf3 c5 3. d5 d6 4. Nc3 e5 5. Bg5 Be7 6. e4 0-0 7. Be2 a6 8. a4 b6 9. 0-0 Nbd7 10. Qd3 Ne8 11. Bxe7 Qxe7 12. Nd2 Qg5 13. Nc4 Rb8 14. Ne3 h5 15. Kh1 g6 16. g3 Ng7 17. f4 Qe7 18. f5 g5 19. Qd1 Nf6 20. Nc4 Bd7 21. Na3 b5 22. axb5 axb5 23. Naxb5 Bxb5 24. Bxb5 Qb7 25. Qd2 c4 26. Bc6 Qb4 27. Ra2 Qc5 28. Qxg5 Nh7 29. Qe7 f6 30. Ra7 1-0

[Event "Warsaw YMCA Autumn 29th"]
[Site "Warsaw"]
[Date "2006.10.27"]
[Round "5"]
[White "Witek, Pawel"]
[Black "Wrabel, Antoni"]
[Result "1-0"]
[WhiteElo "1881"]
[BlackElo "1931"]
[PlyCount "69"]
[EventDate "2006.09.27"]
[EventType "tourn"]
[EventRounds "13"]
[EventCountry "POL"]
[SourceTitle "EXT 2019"]
[Source "ChessBase"]
[SourceDate "2018.10.10"]
[SourceVersion "1"]
[SourceVersionDate "2018.10.10"]
[SourceQuality "1"]

1. d4 Nf6 2. Nf3 d6 3. c4 g6 4. Nc3 Bg7 5. Bg5 h6 6. Bh4 g5 7. Bg3 Nh5 8. e3 e6 9. Be2 Nxg3 10. hxg3 Qe7 11. Qc2 Nc6 12. a3 Bd7 13. 0-0 h5 14. Rac1 f5 15. Nb5 Qd8 16. d5 Ne5 17. dxe6 Nxf3+ 18. Bxf3 Bxe6 19. Bxb7 Rb8 20. Bc6+ Bd7 21. Bxd7+ Qxd7 22. Nd4 0-0 23. b4 c5 24. bxc5 dxc5 25. Nb5 a6 26. Rfd1 Qe7 27. Nc3 Bxc3 28. Qxc3 f4 29. exf4 gxf4 30. gxf4 Rb6 31. Rd5 Qf6 32. Qg3+ Kf7 33. Rxh5 Rg8 34. Qh3 Qd4 35. Rd5 1-0

[Event "Ursus op"]
[Site "Ursus"]
[Date "2006.06.04"]
[Round "9"]
[White "Witek, Pawel"]
[Black "Krasiewicz, Robert"]
[Result "0-1"]
[WhiteElo "1892"]
[BlackElo "2041"]
[PlyCount "72"]
[EventDate "2006.05.27"]
[EventType "swiss"]
[EventRounds "9"]
[EventCountry "POL"]
[SourceTitle "EXT 2008"]
[Source "ChessBase"]
[SourceDate "2007.11.25"]
[SourceVersion "1"]
[SourceVersionDate "2007.11.25"]
[SourceQuality "1"]

1. d4 d5 2. Nf3 Nf6 3. Bg5 e6 4. Nbd2 Be7 5. e3 Nbd7 6. Bd3 h6 7. Bf4 Nh5 8. Bg3 Nxg3 9. hxg3 c5 10. c3 Qc7 11. Qe2 a6 12. 0-0 b6 13. Rac1 Bb7 14. Rfe1 0-0 15. e4 dxe4 16. Nxe4 Nf6 17. Bc2 Rfd8 18. Nxf6+ Bxf6 19. dxc5 bxc5 20. Red1 Rxd1+ 21. Rxd1 Rd8 22. Rxd8+ Qxd8 23. Bd3 Qb6 24. Ne5 Qd6 25. Nf3 Bd8 26. Be4 Bc8 27. Ne5 f5 28. Bc2 Bc7 29. f4 Qb6 30. Ng6 Bd7 31. Qc4 Bb5 32. Ne7+ Kf7 33. Nc8 Bxc4 34. Nxb6 Bxb6 35. b3 Bd3 36. Bd1 Bb1 0-1

[Event "Augustow op"]
[Site "Augustow"]
[Date "2004.??.??"]
[Round "1"]
[White "Galkiewicz, Dariusz"]
[Black "Witek, Pawel"]
[Result "1-0"]
[WhiteElo "2225"]
[BlackElo "1800"]
[PlyCount "35"]
[EventDate "2004.08.??"]
[EventType "swiss"]
[EventRounds "9"]
[EventCountry "POL"]
[SourceTitle "EXT 2008"]
[Source "ChessBase"]
[SourceDate "2007.11.25"]
[SourceVersion "1"]
[SourceVersionDate "2007.11.25"]
[SourceQuality "1"]

1. d4 e6 2. c4 Nf6 3. Nf3 b6 4. g3 Bb7 5. Bg2 d5 6. 0-0 c5 7. Nc3 Nbd7 8. Qa4 Be7 9. cxd5 Nxd5 10. dxc5 Bxc5 11. Nxd5 Bxd5 12. Rd1 Qc7 13. Qg4 0-0-0 14. b4 f5 15. Qh4 Bd6 16. Bg5 Rde8 17. Rac1 Bc4 18. Rxc4 1-0

[Event "Augustow op"]
[Site "Augustow"]
[Date "2004.??.??"]
[Round "8"]
[White "Khamitskiy, Sergei"]
[Black "Witek, Pawel"]
[Result "1-0"]
[WhiteElo "2225"]
[BlackElo "1800"]
[PlyCount "73"]
[EventDate "2004.08.??"]
[EventType "swiss"]
[EventRounds "9"]
[EventCountry "POL"]
[SourceTitle "EXT 2008"]
[Source "ChessBase"]
[SourceDate "2007.11.25"]
[SourceVersion "1"]
[SourceVersionDate "2007.11.25"]
[SourceQuality "1"]

1. d4 Nf6 2. c4 e6 3. g3 Bb4+ 4. Nd2 d5 5. Bg2 0-0 6. Qc2 Nc6 7. Ngf3 Bd7 8. 0-0 Be7 9. a3 Re8 10. Rd1 Qc8 11. e4 dxe4 12. Nxe4 Nxe4 13. Qxe4 f5 14. Qd3 Bf6 15. Bf4 Re7 16. Qe2 Qe8 17. Ne5 Rd8 18. h4 Na5 19. Rd3 Ba4 20. Qe3 Bxe5 21. dxe5 Nxc4 22. Rxd8 Qxd8 23. Qc3 Nb6 24. Bg5 h6 25. Bxe7 Qxe7 26. b3 Be8 27. Bxb7 Nd5 28. Qc4 Nb6 29. Qc2 c5 30. Bg2 Qc7 31. Re1 Bc6 32. Qxc5 Nd5 33. Rc1 Qxe5 34. Qxc6 f4 35. Bxd5 exd5 36. Rd1 fxg3 37. Qxd5+ 1-0

[Event "Augustow op"]
[Site "Augustow"]
[Date "2004.??.??"]
[Round "7"]
[White "Walczak, Rafal"]
[Black "Witek, Pawel"]
[Result "0-1"]
[WhiteElo "1800"]
[BlackElo "1800"]
[PlyCount "84"]
[EventDate "2004.08.??"]
[EventType "swiss"]
[EventRounds "9"]
[EventCountry "POL"]
[SourceTitle "EXT 2008"]
[Source "ChessBase"]
[SourceDate "2007.11.25"]
[SourceVersion "1"]
[SourceVersionDate "2007.11.25"]
[SourceQuality "1"]

1. d4 Nf6 2. e3 e6 3. Bd3 d5 4. Nd2 c5 5. c3 c4 6. Bc2 Be7 7. Ngf3 0-0 8. 0-0 Nbd7 9. e4 b5 10. e5 Ne8 11. h3 b4 12. Nh2 Qa5 13. cxb4 Bxb4 14. Ndf3 Ba6 15. Bxh7+ Kxh7 16. Ng5+ Kg6 17. Qc2+ f5 18. exf6+ Kxf6 19. Nh7+ Ke7 20. Nxf8 Nxf8 21. a3 Bd6 22. f4 Qb6 23. Qc3 Nf6 24. Qg3 Kf7 25. Rd1 Rb8 26. Nf3 Ne4 27. Ng5+ Nxg5 28. Qxg5 Be7 29. Qe5 Bf6 30. Qe3 Qb3 31. Qe1 Ng6 32. g3 Rh8 33. h4 Nxh4 34. gxh4 Bxh4 35. Qd2 Bf2+ 36. Qxf2 Qxd1+ 37. Kg2 Qg4+ 38. Qg3 Qe2+ 39. Kg1 Qd1+ 40. Kf2 Rh1 41. Qg2 Qe1+ 42. Kf3 Rf1+ 0-1